[Event "ROM-ch U10 Girls"]
[Site "Voineasa"]
[Date "2008.04.17"]
[Round "8"]
[White "Badeu, Cristina Regina"]
[Black "Vaduva, Georgiana Catalina"]
[Result "0-1"]
[WhiteElo "401"]
[BlackElo "401"]
[PlyCount "94"]
[EventDate "2008.04.08"]
[EventType "swiss"]
[EventRounds "9"]
[EventCountry "ROU"]
[SourceTitle "EXT 2013"]
[Source "ChessBase"]
[SourceDate "2012.11.22"]
[SourceVersion "1"]
[SourceVersionDate "2012.11.22"]
[SourceQuality "1"]

1. e4 e5 2. Nf3 Nc6 3. Nc3 Nf6 4. Bc4 Bc5 5. d3 0-0 6. 0-0 d6 7. Bg5 Bg4 8. h3 Be6 9. Bd5 h6 10. Bh4 Re8 11. Bxe6 Rxe6 12. Nd5 Rc8 13. Nxf6+ gxf6 14. Qd2 Qf8 15. a3 Qg7 16. b4 Bb6 17. b5 Nd4 18. a4 Nxf3+ 19. Kh1 Nxd2 20. Rfd1 Nf3 21. Bg3 Kh7 22. a5 Bd4 23. gxf3 Rg8 24. Rg1 Qg6 25. Ra4 Bc5 26. Rc4 Bxf2 27. Bxf2 Qh5 28. Rxg8 Kxg8 29. Rxc7 Qxf3+ 30. Kg1 f5 31. exf5 Qxf5 32. Rxb7 Rg6+ 33. Kf1 Qxh3+ 34. Ke2 Rf6 35. Rxa7 Qg4+ 36. Ke3 Qf3+ 37. Kd2 Qxf2+ 38. Kc3 Qxa7 39. b6 Qxa5+ 40. Kc4 Qxb6 41. c3 Qa5 42. Kb3 Rf3 43. c4 Rxd3+ 44. Kb2 Qa3+ 45. Kc2 Qc3+ 46. Kb1 Rd1+ 47. Ka2 Ra1# 0-1